Incollable #16 - Histoire - Statistiques

Statistiques générales
  • Ce quiz a été pris 1 270 fois
  • Le résultat moyen est 9 sur 12
Statistiques - réponses
Niveaux Questions Réponses % Correct
CE1 En quelle saison est le mois d’août ? En été
100%
CP Comment appelle-t-on le mari d’une princesse ? Un prince
100%
CM2 Quel pays a colonisé l’Algérie en 1830 ? La France
93%
CM1 Comment appelle-t-on un manque de nourriture qui peut amener une population à mourir de faim ? Une famine
90%
CE2 Comment appelle-t-on les hommes qui se battaient dans les arènes de Rome ? Les gladiateurs
88%
Lycée Comment appelle-t-on l’extermination systématique d’un peuple ? Un génocide
84%
Collège Quelle était la couleur du pantalon des soldats français en 1914 ? Rouge
80%
CE2 En cinq lettres, immense pays découvert par Marco Polo en 1275 ? La Chine
77%
Lycée À quel siècle a été créé en France l’impôt sur le revenu ? Au XXème siècle (en 1914)
59%
CM2 En France, en quelle année ont été institués les congés payés ? En 1936
53%
CE1 Comment appellait-on les prisons des châteaux forts ? Les oubliettes
29%
CM1 Quand un jeune noble devenait chevalier, que lui faisait le Roi ? Il lui donnait une claque dans le dos
2%
Aucun quiz correspondant
Distribution des résultats
% des personnes avec chaque résultat
Percentile par nombre de réponses
Votre historique - résultats
Vous n’avez pas pris ce quiz